[Event "Landesliga Sued 0405"]
[Site "Bayern"]
[Date "2004.12.12"]
[Round "4.2"]
[White "Zellner, Richard"]
[Black "Drexel, Michael"]
[Result "1/2-1/2"]
[WhiteElo "2153"]
[BlackElo "2195"]
[PlyCount "76"]
[EventDate "2004.10.24"]
[EventType "team-tourn"]
[EventRounds "9"]
[EventCountry "GER"]
[SourceTitle "EXT 2007"]
[Source "ChessBase"]
[SourceDate "2006.11.23"]
[SourceVersion "1"]
[SourceVersionDate "2006.11.23"]
[SourceQuality "1"]
[WhiteTeam "Muenchen Schwabing/Nord"]
[BlackTeam "Bayern Muenchen II"]
[WhiteTeamCountry "GER"]
[BlackTeamCountry "GER"]

1. Nf3 c6 2. e3 Nf6 3. d4 d6 4. Be2 Nbd7 5. c4 e5 6. Nc3 Be7 7. 0-0 0-0 8. b4 Re8 9. b5 Bf8 10. a4 exd4 11. Nxd4 Qc7 12. e4 Nc5 13. f3 a6 14. Bg5 Be7 15. Qd2 Bd7 16. Rfb1 Rac8 17. Be3 h5 18. Ra2 g6 19. Bf1 Kg7 20. Nc2 Be6 21. Nd4 Bd7 22. Qf2 Ra8 23. Qb2 Kh7 24. Rd1 Rad8 25. Nde2 Bf8 26. Nb1 Ng8 27. Bg5 Ra8 28. bxc6 bxc6 29. Qd2 Rab8 30. Bf4 Be6 31. Nd4 Nb3 32. Qf2 Nxd4 33. Qxd4 Qb6 34. Qxb6 Rxb6 35. a5 Rb4 36. Rc2 Ra4 37. Bxd6 Bxd6 38. Rxd6 Ne7 1/2-1/2

[Event "Oberliga Bayern 0304"]
[Site "Bayern"]
[Date "2004.03.28"]
[Round "8.7"]
[White "Zellner, Richard"]
[Black "Haag, Wolfgang"]
[Result "1/2-1/2"]
[WhiteElo "2145"]
[BlackElo "2195"]
[PlyCount "51"]
[EventDate "2003.10.12"]
[EventType "team-tourn"]
[EventRounds "9"]
[EventCountry "GER"]
[SourceTitle "EXT 2006"]
[Source "ChessBase"]
[SourceDate "2005.11.24"]
[SourceVersion "1"]
[SourceVersionDate "2005.11.24"]
[SourceQuality "1"]
[WhiteTeam "Muenchen Schwabing"]
[BlackTeam "Bamberg"]
[WhiteTeamCountry "GER"]
[BlackTeamCountry "GER"]

1. Nf3 Nf6 2. d4 g6 3. c4 Bg7 4. Nc3 d6 5. e4 0-0 6. Be2 Nbd7 7. e5 Ne8 8. e6 fxe6 9. Ng5 Ndf6 10. Qd3 e5 11. dxe5 Bf5 12. Qf3 dxe5 13. Qxb7 Nd6 14. Qa6 h6 15. Nf3 e4 16. Nd4 c5 17. Nb3 Qb6 18. Qa5 Be6 19. Qxc5 Qxc5 20. Nxc5 Bxc4 21. Be3 Rfc8 22. Rc1 Bf7 23. Ba6 Rc6 24. b4 Ng4 25. b5 Rc7 26. N3a4 1/2-1/2

[Event "Oberliga Bayern 0304"]
[Site "Bayern"]
[Date "2003.12.14"]
[Round "4.6"]
[White "Schelle, Artur"]
[Black "Zellner, Richard"]
[Result "1/2-1/2"]
[WhiteElo "2202"]
[BlackElo "2145"]
[PlyCount "83"]
[EventDate "2003.10.12"]
[EventType "team-tourn"]
[EventRounds "9"]
[EventCountry "GER"]
[SourceTitle "EXT 2006"]
[Source "ChessBase"]
[SourceDate "2005.11.24"]
[SourceVersion "1"]
[SourceVersionDate "2005.11.24"]
[SourceQuality "1"]
[WhiteTeam "Muenchen Tarrasch"]
[BlackTeam "Muenchen Schwabing"]
[WhiteTeamCountry "GER"]
[BlackTeamCountry "GER"]

1. e4 c5 2. c3 e5 3. Nf3 Nc6 4. Bc4 Nf6 5. d3 Be7 6. 0-0 0-0 7. Re1 d6 8. a3 Rb8 9. Ba2 b5 10. Nbd2 Kh8 11. Nf1 Be6 12. h3 a5 13. a4 b4 14. N1d2 Nd7 15. Bd5 Qc7 16. c4 Nd4 17. Nb3 Nxb3 18. Qxb3 Nb6 19. Be3 Bd7 20. Nd2 Qd8 21. Qd1 b3 22. Ra3 Nxa4 23. Qa1 Nb6 24. Rxa5 f5 25. exf5 Nxd5 26. cxd5 Bxf5 27. Ne4 Qd7 28. Qa4 Qc7 29. Ra1 h6 30. f3 Bd7 31. Ra7 Rb7 32. Rxb7 Qxb7 33. Qa7 Qb5 34. Nc3 Qxd3 35. Bxh6 Rd8 36. Rd1 Qg6 37. Be3 Bxh3 38. Rd2 Bg5 39. Bxg5 Qxg5 40. Ne4 Qe3+ 41. Rf2 Bf5 42. Nxd6 1/2-1/2

[Event "Oberliga Bayern 0304"]
[Site "Bayern"]
[Date "2003.10.12"]
[Round "1.6"]
[White "Zellner, Richard"]
[Black "Hiermann, Dietmar"]
[Result "0-1"]
[WhiteElo "2145"]
[BlackElo "2196"]
[PlyCount "48"]
[EventDate "2003.10.12"]
[EventType "team-tourn"]
[EventRounds "9"]
[EventCountry "GER"]
[SourceTitle "EXT 2006"]
[Source "ChessBase"]
[SourceDate "2005.11.24"]
[SourceVersion "1"]
[SourceVersionDate "2005.11.24"]
[SourceQuality "1"]
[WhiteTeam "Muenchen Schwabing"]
[BlackTeam "Passau"]
[WhiteTeamCountry "GER"]
[BlackTeamCountry "GER"]

1. e4 e5 2. Nf3 Nc6 3. Bb5 a6 4. Ba4 Nf6 5. 0-0 b5 6. Bb3 Bc5 7. c3 d6 8. d4 Bb6 9. Bg5 h6 10. Be3 Bg4 11. Bd5 Nxd5 12. exd5 exd4 13. cxd4 Ne7 14. h3 Bh5 15. Nc3 Qd7 16. a4 b4 17. Ne4 f5 18. Nc5 dxc5 19. dxc5 Ba7 20. d6 Nc6 21. Bf4 0-0 22. Ne5 Nxe5 23. Qxh5 cxd6 24. Rad1 Qf7 0-1

[Event "Oberliga Bayern 0203"]
[Site "Bayern"]
[Date "2003.03.30"]
[Round "9.6"]
[White "Kaeppel, Roland"]
[Black "Zellner, Richard"]
[Result "1/2-1/2"]
[WhiteElo "2107"]
[BlackElo "2173"]
[PlyCount "23"]
[EventDate "2002.10.20"]
[EventType "team"]
[EventRounds "9"]
[EventCountry "GER"]
[SourceTitle "EXT 2004"]
[Source "ChessBase"]
[SourceDate "2003.11.25"]
[SourceVersion "1"]
[SourceVersionDate "2003.11.25"]
[SourceQuality "1"]
[WhiteTeam "Schwabing"]
[BlackTeam "Muenchen Schwabing"]
[WhiteTeamCountry "GER"]
[BlackTeamCountry "GER"]

1. d4 Nf6 2. Nf3 c5 3. d5 b5 4. c4 bxc4 5. Nc3 d6 6. e4 Ba6 7. Nd2 g6 8. Bxc4 Qa5 9. 0-0 Bg7 10. f4 0-0 11. e5 Ne8 12. Qe2 1/2-1/2

[Event "Oberliga Bayern 0203"]
[Site "Bayern"]
[Date "2003.02.09"]
[Round "6.6"]
[White "Zellner, Richard"]
[Black "Lutz, Dieter"]
[Result "1/2-1/2"]
[WhiteElo "2173"]
[BlackElo "2124"]
[PlyCount "140"]
[EventDate "2002.10.20"]
[EventType "team"]
[EventRounds "9"]
[EventCountry "GER"]
[SourceTitle "EXT 2004"]
[Source "ChessBase"]
[SourceDate "2003.11.25"]
[SourceVersion "1"]
[SourceVersionDate "2003.11.25"]
[SourceQuality "1"]
[WhiteTeam "Muenchen Schwabing"]
[BlackTeam "Nuernberg NT"]
[WhiteTeamCountry "GER"]
[BlackTeamCountry "GER"]

1. e4 c5 2. Nf3 e6 3. c3 d5 4. exd5 Qxd5 5. d4 Nf6 6. Bd3 Be7 7. Be3 cxd4 8. cxd4 Nc6 9. Nc3 Qd6 10. 0-0 0-0 11. Qe2 b6 12. Rad1 Bb7 13. a3 Rfd8 14. Rfe1 Rac8 15. Bb1 h6 16. Bc1 Qb8 17. Ba2 Bd6 18. h3 Ne7 19. Ne5 Bxe5 20. dxe5 Rxd1 21. Qxd1 Nfd5 22. Bd2 Nxc3 23. Bxc3 Nd5 24. Bd2 Rc7 25. Qg4 Kh8 26. Bb1 Qc8 27. Qe4 Qg8 28. Qh4 Qf8 29. Re4 Ne7 30. Rd4 Bd5 31. Qg3 Ng8 32. Bc3 Ne7 33. h4 g6 34. h5 gxh5 35. Rh4 Qg7 36. Qh3 Ng6 37. Rd4 Rc4 38. Rxc4 Bxc4 39. Qg3 Bd5 40. Kh2 h4 41. Qg4 Nf4 42. Qxg7+ Kxg7 43. Bd2 Ng6 44. Bc3 Bc6 45. Kh3 Bb7 46. Bd4 Nf4+ 47. Kxh4 Bxg2 48. b4 Bc6 49. Bc2 Nd5 50. Kg4 Bb5 51. f4 Be2+ 52. Kg3 Ne7 53. a4 Nd5 54. b5 Bc4 55. f5 Nb4 56. f6+ Kg8 57. Bd1 Nd5 58. Kg4 Bd3 59. Kh5 Kh7 60. Bf3 Bc4 61. Be4+ Kg8 62. Kxh6 Bb3 63. a5 Bc4 64. axb6 axb6 65. Bb2 Bxb5 66. Ba3 Ne3 67. Bh7+ Kh8 68. Bb1 Nf5+ 69. Kg5 Bd7 70. Bd3 Kh7 1/2-1/2

[Event "Oberliga Bayern 0203"]
[Site "Bayern"]
[Date "2003.01.26"]
[Round "5.6"]
[White "Stelter, Felix"]
[Black "Zellner, Richard"]
[Result "1-0"]
[WhiteElo "2112"]
[BlackElo "2173"]
[PlyCount "41"]
[EventDate "2002.10.20"]
[EventType "team"]
[EventRounds "9"]
[EventCountry "GER"]
[SourceTitle "EXT 2004"]
[Source "ChessBase"]
[SourceDate "2003.11.25"]
[SourceVersion "1"]
[SourceVersionDate "2003.11.25"]
[SourceQuality "1"]
[WhiteTeam "Kriegshaber"]
[BlackTeam "Muenchen Schwabing"]
[WhiteTeamCountry "GER"]
[BlackTeamCountry "GER"]

1. d4 Nf6 2. c4 e6 3. Nc3 Bb4 4. e3 b6 5. Nge2 0-0 6. a3 Bxc3+ 7. Nxc3 d5 8. b4 c5 9. cxd5 cxd4 10. Qxd4 exd5 11. Bb2 Nc6 12. Qh4 Be6 13. Rd1 Qe7 14. Nb5 d4 15. Nxd4 Ne5 16. Nxe6 Qxe6 17. Qg3 Neg4 18. Be2 Qa2 19. Bd4 Rad8 20. Bxg4 Ne4 21. Qf3 1-0

[Event "Oberliga Bayern 0203"]
[Site "Bayern"]
[Date "2002.12.15"]
[Round "3.7"]
[White "De Francesco, Klaus"]
[Black "Zellner, Richard"]
[Result "1-0"]
[WhiteElo "2161"]
[BlackElo "2173"]
[PlyCount "85"]
[EventDate "2002.10.20"]
[EventType "team"]
[EventRounds "9"]
[EventCountry "GER"]
[SourceTitle "EXT 2004"]
[Source "ChessBase"]
[SourceDate "2003.11.25"]
[SourceVersion "1"]
[SourceVersionDate "2003.11.25"]
[SourceQuality "1"]
[WhiteTeam "Pasing"]
[BlackTeam "Muenchen Schwabing"]
[WhiteTeamCountry "GER"]
[BlackTeamCountry "GER"]

1. d4 Nf6 2. Nf3 e6 3. c4 b6 4. a3 Be7 5. Nc3 0-0 6. d5 d6 7. e4 c5 8. Bd3 exd5 9. cxd5 Bg4 10. h3 Bh5 11. 0-0 Nbd7 12. Bf4 Ne8 13. g4 Bg6 14. Qe2 Bf6 15. Kg2 Qe7 16. Bg3 Nc7 17. Nd2 Rfe8 18. Rae1 Bh4 19. Bh2 Ne5 20. Bc2 a6 21. f4 Bxe1 22. Qxe1 f6 23. fxe5 fxe5 24. Qe3 b5 25. Bd1 a5 26. Be2 Rab8 27. Bg3 b4 28. axb4 axb4 29. Nd1 Rf8 30. Rxf8+ Rxf8 31. Nf2 Be8 32. Nf3 Nb5 33. Bc4 Qf6 34. Bh4 Qf7 35. Ng5 Qf6 36. Qg3 Qh6 37. Ne6 Rf7 38. Nd8 Ra7 39. Nc6 Qc1 40. Nxa7 Qxc4 41. Nxb5 Bxb5 42. Qf3 Qf1+ 43. Kh2 1-0

[Event "Oberliga Bayern 0203"]
[Site "Bayern"]
[Date "2002.10.20"]
[Round "1.6"]
[White "Zellner, Richard"]
[Black "Albeker, Mark"]
[Result "1-0"]
[WhiteElo "2173"]
[BlackElo "2143"]
[PlyCount "81"]
[EventDate "2002.10.20"]
[EventType "team"]
[EventRounds "9"]
[EventCountry "GER"]
[SourceTitle "EXT 2004"]
[Source "ChessBase"]
[SourceDate "2003.11.25"]
[SourceVersion "1"]
[SourceVersionDate "2003.11.25"]
[SourceQuality "1"]
[WhiteTeam "Muenchen Schwabing"]
[BlackTeam "Haunstetten"]
[WhiteTeamCountry "GER"]
[BlackTeamCountry "GER"]

1. e4 c5 2. Nf3 Nc6 3. Bb5 g6 4. 0-0 Bg7 5. c3 Qb6 6. Na3 Nf6 7. d4 cxd4 8. cxd4 d5 9. e5 Ne4 10. Qb3 e6 11. Bf4 0-0 12. Qe3 Ne7 13. Qc1 Nf5 14. Rd1 a6 15. Bd3 Bd7 16. Nc4 Qa7 17. g4 Rac8 18. gxf5 exf5 19. Qe3 dxc4 20. Bxe4 fxe4 21. Qxe4 Bf5 22. Qe3 Rfe8 23. Bh6 Bh8 24. Qf4 Qb6 25. Rd2 c3 26. bxc3 Rxc3 27. d5 Rec8 28. Rad1 R8c4 29. Nd4 Qd8 30. e6 Qf6 31. Qd6 Rc8 32. Nxf5 gxf5 33. Qf4 Bg7 34. Bxg7 Qxg7+ 35. Kh1 fxe6 36. dxe6 Rc1 37. Qxf5 Kh8 38. h3 Rg8 39. Qg4 Qa1 40. Qf3 Rg1+ 41. Kxg1 1-0

[Event "Oberliga Bayern 0102"]
[Site "Bayern"]
[Date "2002.04.14"]
[Round "8.7"]
[White "Zellner, Richard"]
[Black "Heimrath, Wolfgang"]
[Result "1-0"]
[WhiteElo "2180"]
[BlackElo "2155"]
[PlyCount "79"]
[EventDate "2001.10.07"]
[EventType "team"]
[EventRounds "9"]
[EventCountry "GER"]
[SourceTitle "EXT 2003"]
[Source "ChessBase"]
[SourceDate "2002.11.25"]
[SourceVersion "1"]
[SourceVersionDate "2002.11.25"]
[SourceQuality "1"]
[WhiteTeam "Schwabing"]
[BlackTeam "Zirndorf"]
[WhiteTeamCountry "GER"]
[BlackTeamCountry "GER"]

1. e4 c6 2. d4 d5 3. Nc3 g6 4. e5 Bg7 5. f4 h5 6. Be3 Nh6 7. Be2 Bg4 8. Nf3 Nf5 9. Bf2 Bh6 10. Qd2 e6 11. 0-0 Nd7 12. a4 Rc8 13. h3 Bxf3 14. Bxf3 a6 15. g3 c5 16. dxc5 Nxe5 17. Bg2 0-0 18. Qe1 Nc6 19. Rd1 Bg7 20. b4 Re8 21. g4 hxg4 22. hxg4 Nh6 23. Ne4 Nxg4 24. Bh4 Qc7 25. Nd6 Nd4 26. Bh3 Nxc2 27. Nxe8 Rxe8 28. Qe2 Nge3 29. Rf3 d4 30. Rb1 Qc6 31. Bg2 Qxa4 32. Rxe3 Nxe3 33. Bxb7 Nf5 34. Bf2 Qd7 35. Qxa6 Rd8 36. Rd1 Qc7 37. Qa5 Qxa5 38. bxa5 Bf8 39. c6 Nd6 40. Rxd4 1-0

[Event "Oberliga Bayern 0102"]
[Site "Bayern"]
[Date "2001.11.25"]
[Round "3.5"]
[White "Zellner, Richard"]
[Black "Gschwendtner, Michael"]
[Result "0-1"]
[WhiteElo "2180"]
[BlackElo "2160"]
[PlyCount "134"]
[EventDate "2001.10.07"]
[EventType "team"]
[EventRounds "9"]
[EventCountry "GER"]
[SourceTitle "EXT 2003"]
[Source "ChessBase"]
[SourceDate "2002.11.25"]
[SourceVersion "1"]
[SourceVersionDate "2002.11.25"]
[SourceQuality "1"]
[WhiteTeam "Schwabing"]
[BlackTeam "Pasing"]
[WhiteTeamCountry "GER"]
[BlackTeamCountry "GER"]

1. e4 e5 2. Nf3 Nc6 3. Bb5 Nd4 4. Nxd4 exd4 5. 0-0 Bc5 6. d3 c6 7. Bc4 d5 8. Bb3 Ne7 9. Nd2 0-0 10. Qh5 Be6 11. Nf3 f6 12. c3 Bf7 13. Qg4 dxc3 14. bxc3 dxe4 15. dxe4 Qc8 16. Bxf7+ Rxf7 17. Qh5 Bb6 18. Nd4 c5 19. Nb5 Qc6 20. a4 a6 21. Na3 Qxa4 22. Rb1 Qc6 23. Be3 Ba7 24. Rfe1 b5 25. Rbd1 Re8 26. Re2 g6 27. Qg4 Nc8 28. Bh6 Rfe7 29. h4 Nd6 30. h5 f5 31. exf5 Nxf5 32. Rxe7 Rxe7 33. Bf4 Kf7 34. Rd8 Re1+ 35. Kh2 Re8 36. Qd1 Bb6 37. hxg6+ hxg6 38. Rxe8 Kxe8 39. Nc2 Bc7 40. Bxc7 Qxc7+ 41. g3 Qc6 42. Qe2+ Kd7 43. Qe5 Qd6 44. Qe4 Kc7 45. Ne3 Nxe3 46. Qxe3 Kb6 47. Kh3 a5 48. c4 bxc4 49. Qe4 Qd7+ 50. Kh2 Qf5 51. Qe1 c3 52. Qxc3 Qxf2+ 53. Kh3 Qf1+ 54. Kh4 Qb1 55. g4 a4 56. Qe5 Qc2 57. Qb8+ Ka5 58. Qa7+ Kb4 59. Qb6+ Ka3 60. Kg5 c4 61. Kh6 c3 62. g5 Qb3 63. Qxg6 c2 64. Qc6 Kb2 65. Qg2 Kb1 66. Qe4 a3 67. g6 a2 0-1